[Event "ch-ISR 2014"]
[Site "Beer-Sheva ISR"]
[Date "2014.06.18"]
[Round "2.9"]
[White "Zoler, Dan"]
[Black "Bakalchuk, Johnatan"]
[Result "1-0"]
[WhiteTitle "GM"]
[WhiteElo "2503"]
[BlackElo "2244"]
[WhiteFideId "2800705"]
[BlackFideId "2810301"]
[EventDate "2014.06.17"]

1. d4 Nf6 2. c4 g6 3. Nc3 Bg7 4. Nf3 O-O 5. g3 d6 6. Bg2 Nbd7 7. O-O e5 8. e4 c6
9. h3 Qb6 10. d5 cxd5 11. cxd5 Nc5 12. Re1 Bd7 13. Rb1 a5 14. Be3 Nh5 15. Nd2
Qd8 16. Qe2 Rc8 17. Nc4 Qc7 18. Na3 b6 19. Nab5 Qb8 20. b4 axb4 21. Rxb4 f5 22.
exf5 Bxf5 23. Rd1 Rce8 24. a4 Qd8 25. Rc4 Re7 26. Qa2 Nf6 27. a5 Qd7 28. axb6
Bxh3 29. Nxd6 Bxg2 30. Kxg2 Nb7 31. Nxb7 Qxb7 32. Kg1 Rd7 33. d6 Kh8 34. Rc7 Qf3
35. Rxd7 Nxd7 36. Qd5 e4 37. Rc1 Ne5 38. Qxe4 Qh5 39. Kg2 Ng4 40. Rh1 Nxe3+ 41.
Qxe3 Qa5 42. Ne4 Qd5 43. f3 Ra8 44. Re1 Bd4 45. Qd3 Ra2+ 46. Re2 Rxe2+ 47. Qxe2
Bxb6 48. Qb2+ Bd4 49. Qb8+ Kg7 50. Qc7+ Kh6 51. d7 Qa2+ 52. Kh3 Qb1 53. Qf4+ Kg7
54. Qf8+ 1-0

[Event "ch-ISR 2014"]
[Site "Beer-Sheva ISR"]
[Date "2014.06.18"]
[Round "2.10"]
[White "Poleg, Matan"]
[Black "Givon, Asaf"]
[Result "0-1"]
[BlackTitle "IM"]
[WhiteElo "2125"]
[BlackElo "2459"]
[WhiteFideId "2811472"]
[BlackFideId "2801841"]
[EventDate "2014.06.17"]

1. d4 Nf6 2. c4 b6 3. Nc3 Bb7 4. d5 e6 5. a3 Bd6 6. Nf3 O-O 7. Bg5 h6 8. Bh4 Be7
9. e3 Nxd5 10. Nxd5 Bxh4 11. Nxh4 exd5 12. Nf5 Qf6 13. Qf3 Nc6 14. O-O-O Ne5 15.
Qf4 Rae8 16. cxd5 d6 17. Bb5 Rc8 18. Kb1 a6 19. Ba4 b5 20. Bc2 Nc4 21. Qd4 Qxd4
22. Rxd4 Rce8 23. Rg4 g6 24. Nxh6+ Kg7 25. Nxf7 Bxd5 26. Ng5 Rxf2 27. e4 Bg8 28.
Rg3 Re5 29. h4 Rc5 30. h5 Nd2+ 31. Kc1 Nb3+ 0-1

[Event "ch-ISR 2014"]
[Site "Beer-Sheva ISR"]
[Date "2014.06.18"]
[Round "2.11"]
[White "Nakar, Eylon"]
[Black "Mordechai, Hanan"]
[Result "0-1"]
[WhiteTitle "IM"]
[BlackTitle "FM"]
[WhiteElo "2442"]
[BlackElo "2314"]
[WhiteFideId "2811111"]
[BlackFideId "2804166"]
[EventDate "2014.06.17"]

1. e4 c5 2. Nf3 d6 3. d4 cxd4 4. Nxd4 Nf6 5. Nc3 g6 6. Be3 Bg7 7. Be2 O-O 8. Qd2
Nc6 9. O-O-O Nxd4 10. Bxd4 Be6 11. Kb1 Qa5 12. a3 Rfc8 13. h4 Rab8 14. h5 b5 15.
hxg6 hxg6 16. Qg5 Qc7 17. e5 Ne4 18. exd6 Qxc3 19. Bxc3 Nxg5 20. Bxg7 Kxg7 21.
dxe7 Kf6 22. Bd3 Kxe7 23. f4 Bg4 24. fxg5 Bxd1 25. Re1+ Kf8 26. Rxd1 Rc5 27. Be4
Rxg5 28. Rd7 Re5 29. Bf3 Re7 30. Rd6 Rb6 31. Rd5 f5 32. b4 Kg7 33. Kb2 Kf6 34.
Kb3 g5 35. Rd3 g4 36. Bd5 Rd6 37. a4 Red7 38. c4 bxc4+ 39. Kxc4 f4 40. Be4 Rxd3
41. Bxd3 f3 42. gxf3 g3 43. Bf1 Rd1 44. Bg2 Rd2 45. Bh3 Rh2 46. Bf1 Rf2 47. Bh3
Kg5 48. b5 Kh4 0-1

[Event "ch-ISR 2014"]
[Site "Beer-Sheva ISR"]
[Date "2014.06.18"]
[Round "2.12"]
[White "Eliagov, Kafar"]
[Black "Tseitlin, Mark D"]
[Result "0-1"]
[WhiteTitle "FM"]
[BlackTitle "GM"]
[WhiteElo "2268"]
[BlackElo "2349"]
[WhiteFideId "2804883"]
[BlackFideId "2800128"]
[EventDate "2014.06.17"]

1. d4 Nf6 2. Nf3 g6 3. Nc3 d5 4. Bf4 Bg7 5. Qd2 O-O 6. Bh6 Ne4 7. Qe3 Bf5 8.
Bxg7 Kxg7 9. g4 Bxg4 10. Nxe4 dxe4 11. Qxe4 Bxf3 12. exf3 c6 13. O-O-O Nd7 14.
c4 e6 15. h4 Nf6 16. Qe5 h5 17. Rg1 b5 18. Rg3 bxc4 19. Bxc4 Qb8 20. f4 Rd8 21.
Rb3 Qd6 22. Rb7 Rd7 23. Rxd7 Qxd7 24. Rd3 Rd8 25. a4 Qd6 26. b3 Rd7 27. a5 Qe7
28. a6 Kh7 29. Kb2 Ng4 30. Qg5 Nxf2 31. Qxe7 Nxd3+ 0-1

[Event "ch-ISR 2014"]
[Site "Beer-Sheva ISR"]
[Date "2014.06.18"]
[Round "2.13"]
[White "Postny, Evgeny"]
[Black "Frenkel, Ran"]
[Result "1-0"]
[WhiteTitle "GM"]
[WhiteElo "2641"]
[BlackElo "2174"]
[WhiteFideId "2804344"]
[BlackFideId "2815974"]
[EventDate "2014.06.17"]

1. d4 Nf6 2. c4 g6 3. Nc3 Bg7 4. e4 d6 5. h3 O-O 6. Be3 e5 7. d5 Na6 8. Nf3 Nc5
9. Nd2 a5 10. g4 Ne8 11. h4 f5 12. g5 f4 13. Bxc5 dxc5 14. Bh3 Bxh3 15. Rxh3 Qd7
16. Qf3 a4 17. h5 Rf7 18. O-O-O Nd6 19. Rdh1 a3 20. b3 Re7 21. hxg6 hxg6 22. Qg2
Kf7 23. Rh7 Rg8 24. R1h6 Kf8 25. Rxg6 Qe8 26. Re6 Rxe6 27. dxe6 Qxe6 28. g6 c6
29. Na4 Nc8 30. Nxc5 Qd6 31. Qh3 Ke7 32. Qf5 Qxc5 33. Qf7+ Kd6 34. Qxg8 Qd4 35.
Qd8+ 1-0

[Event "ch-ISR 2014"]
[Site "Beer-Sheva ISR"]
[Date "2014.06.18"]
[Round "2.14"]
[White "Axelrod, Arie"]
[Black "Horesh, Tal"]
[Result "0-1"]
[WhiteTitle "FM"]
[WhiteElo "2305"]
[BlackElo "2139"]
[WhiteFideId "2804867"]
[BlackFideId "2809451"]
[EventDate "2014.06.17"]

1. f4 d5 2. Nf3 Nf6 3. g3 e6 4. Bg2 b6 5. O-O Bb7 6. d3 Bc5+ 7. Kh1 Ng4 8. d4
Be7 9. e4 dxe4 10. Ng5 Nf6 11. Nc3 Nbd7 12. Ncxe4 Qc8 13. c4 O-O 14. b3 h6 15.
Nxf6+ Nxf6 16. Nf3 c5 17. Qe2 cxd4 18. Nxd4 Bc5 19. Bb2 a6 20. g4 Re8 21. g5 e5
22. gxf6 exd4 23. Qd2 g6 24. f5 g5 25. b4 d3 26. Rae1 Bxg2+ 27. Qxg2 Bxb4 28.
Rxe8+ Qxe8 29. h4 Rd8 30. a3 Ba5 31. Rd1 d2 32. Qf3 Qe1+ 33. Kg2 Re8 34. Bd4
Qe2+ 35. Bf2 Qxf3+ 36. Kxf3 Re1 37. Bxe1 dxe1=Q 38. Rxe1 Bxe1 39. hxg5 hxg5 40.
Kg4 Bd2 41. a4 a5 0-1

[Event "ch-ISR 2014"]
[Site "Beer-Sheva ISR"]
[Date "2014.06.18"]
[Round "2.15"]
[White "Gamayev, Oleg"]
[Black "Lederer, Yoav"]
[Result "1-0"]
[WhiteElo "2166"]
[BlackElo "2298"]
[WhiteFideId "2802813"]
[BlackFideId "2800292"]
[EventDate "2014.06.17"]

1. d3 c5 2. e4 Nc6 3. Nf3 g6 4. Be2 Bg7 5. O-O d6 6. c3 e5 7. a4 Nge7 8. Re1 O-O
9. h3 h6 10. Nbd2 Be6 11. Rb1 f5 12. b4 cxb4 13. cxb4 Rc8 14. b5 Na5 15. Bb2 Qb6
16. Rc1 Rxc1 17. Qxc1 g5 18. Rf1 Ng6 19. exf5 Nf4 20. Qd1 Bxf5 21. Ne4 g4 22.
Nh4 gxh3 23. g3 Nxe2+ 24. Qxe2 Be6 25. Ba3 Rd8 26. Qh5 d5 27. Nc5 Bf7 28. Qg4
Qf6 29. Bc1 Kh7 30. Re1 b6 31. Nd7 h2+ 32. Kg2 Qe6 33. Qxe6 Bxe6 34. Nxe5 d4 35.
Kxh2 Bb3 36. Nc6 Rd7 37. Nf5 Bxa4 38. Nxg7 Nxc6 39. Ne6 Rf7 40. bxc6 Bxc6 41.
Bf4 Bb5 42. Nxd4 Bxd3 43. Re6 Bg6 44. Nc6 Bb1 45. Be3 a5 46. Ne5 Rf5 47. g4 1-0

[Event "ch-ISR 2014"]
[Site "Beer-Sheva ISR"]
[Date "2014.06.18"]
[Round "2.16"]
[White "Volman, Horacio"]
[Black "Kraus, Yair"]
[Result "1/2-1/2"]
[WhiteElo "2203"]
[BlackElo "2093"]
[WhiteFideId "2800853"]
[BlackFideId "2804786"]
[EventDate "2014.06.17"]

1. e4 c5 2. Nc3 e6 3. Nf3 d6 4. d4 cxd4 5. Nxd4 Nf6 6. g3 e5 7. Nde2 Be7 8. Bg2
Be6 9. O-O Qd7 10. Bg5 Nc6 11. Bxf6 Bxf6 12. Nd5 Bd8 13. Qd2 O-O 14. Rad1 Rc8
15. Ne3 Bb6 16. a3 Ne7 17. c3 Rcd8 18. Nc1 Kh8 19. Nd3 Qa4 20. Nb4 Bxe3 21. Qxe3
a5 22. Nd3 Qb5 23. Rd2 f5 24. f3 Bc4 25. Re1 fxe4 26. fxe4 Be6 27. Nf2 Nc8 28.
Bf1 Qc6 29. Bg2 Nb6 30. Bf1 Bc4 31. Bh3 1/2-1/2

[Event "ch-ISR 2014"]
[Site "Beer-Sheva ISR"]
[Date "2014.06.19"]
[Round "3.1"]
[White "Golod, Vitali"]
[Black "Mikhalevski, Victor"]
[Result "1/2-1/2"]
[WhiteTitle "GM"]
[BlackTitle "GM"]
[WhiteElo "2559"]
[BlackElo "2519"]
[WhiteFideId "2804140"]
[BlackFideId "2801914"]
[EventDate "2014.06.17"]

1. e4 e5 2. Nf3 Nc6 3. Bb5 a6 4. Ba4 Nf6 5. O-O Be7 6. d4 exd4 7. e5 Ne4 8. Nxd4
Nxd4 9. Qxd4 Nc5 10. Nc3 O-O 11. Nd5 d6 12. Nxe7+ Qxe7 13. exd6 Qxd6 14. Qxd6
cxd6 15. Bb3 Nxb3 16. axb3 Bf5 17. c3 Rfe8 18. Be3 Bc2 19. b4 Rac8 20. Rfe1 1/2-1/2

[Event "ch-ISR 2014"]
[Site "Beer-Sheva ISR"]
[Date "2014.06.19"]
[Round "3.2"]
[White "Tseitlin, Mark D"]
[Black "Huzman, Alexander"]
[Result "1/2-1/2"]
[WhiteTitle "GM"]
[BlackTitle "GM"]
[WhiteElo "2349"]
[BlackElo "2573"]
[WhiteFideId "2800128"]
[BlackFideId "2803828"]
[EventDate "2014.06.17"]

1. e4 c5 2. Nf3 d6 3. d4 cxd4 4. Nxd4 Nf6 5. Nc3 a6 6. g3 e5 7. Nb3 Be7 8. Bg2
O-O 9. O-O Nbd7 10. a4 b6 11. Re1 Bb7 12. Nd2 Rc8 13. Nf1 Rc5 14. Bd2 Qa8 15.
Bg5 h6 16. Bxf6 Nxf6 17. Ne3 g6 18. Ra3 Qc8 1/2-1/2

[Event "ch-ISR 2014"]
[Site "Beer-Sheva ISR"]
[Date "2014.06.19"]
[Round "3.3"]
[White "Rinberg, Alexander"]
[Black "Zoler, Dan"]
[Result "0-1"]
[WhiteTitle "FM"]
[BlackTitle "GM"]
[WhiteElo "2321"]
[BlackElo "2503"]
[WhiteFideId "14102510"]
[BlackFideId "2800705"]
[EventDate "2014.06.17"]

1. e4 c5 2. c3 Nf6 3. e5 Nd5 4. d4 cxd4 5. Nf3 Nc6 6. cxd4 d6 7. Bc4 e6 8. O-O
Be7 9. Qe2 O-O 10. Nc3 Nxc3 11. bxc3 dxe5 12. dxe5 Qa5 13. Bd2 Rd8 14. Rfe1 Bd7
15. Rab1 Qc7 16. Bd3 Be8 17. Be4 Rac8 18. h4 b6 19. Rbc1 Nb8 20. Nd4 Nc6 21. Bb1
Rd5 22. Bf4 Qd8 23. Nb5 Nxe5 24. Nxa7 Ra8 25. Bxe5 Rxa7 26. h5 Bf6 27. Bf4 Bg5
28. Qe4 Bxf4 29. Qxf4 Rxh5 30. Rcd1 Qh4 31. Qxh4 Rxh4 32. Rd8 Kf8 33. Rb8 b5 34.
Bd3 Ke7 35. Re2 Rh5 36. Rb2 Rc5 37. Bxb5 Bxb5 38. R8xb5 Rxb5 39. Rxb5 Rxa2 40.
Rb7+ Kf6 41. g3 Rc2 42. Rc7 h5 43. Kg2 g5 44. Rc5 Kg6 45. Rc4 Kf5 46. Kf3 e5 47.
Ke3 f6 48. Kf3 Rc1 49. Ke2 Rh1 50. Ra4 Rb1 51. Rc4 Rb2+ 52. Ke3 Rc2 53. Kf3 g4+
54. Ke3 Kg5 55. Rc6 f5 56. Rc5 e4 57. Rc8 h4 58. Rg8+ Kf6 59. gxh4 Rxc3+ 60. Ke2
Rh3 61. Rh8 Ke5 62. h5 Kf6 63. h6 Kg6 64. Rg8+ Kxh6 65. Kf1 Kh7 66. Rg5 Rf3 67.
Ke2 Kh6 68. Rg8 Ra3 69. Rf8 Kg5 0-1

[Event "ch-ISR 2014"]
[Site "Beer-Sheva ISR"]
[Date "2014.06.19"]
[Round "3.4"]
[White "Givon, Asaf"]
[Black "Birnboim, Nathan"]
[Result "1-0"]
[WhiteTitle "IM"]
[BlackTitle "IM"]
[WhiteElo "2459"]
[BlackElo "2333"]
[WhiteFideId "2801841"]
[BlackFideId "2800209"]
[EventDate "2014.06.17"]

1. e4 e6 2. d4 d5 3. Nc3 Bb4 4. a3 Bxc3+ 5. bxc3 Ne7 6. Bd3 c5 7. exd5 exd5 8.
dxc5 Qa5 9. Ne2 Nd7 10. Rb1 Nxc5 11. Bb5+ Bd7 12. Bxd7+ Nxd7 13. Rxb7 Nc5 14.
Rb4 O-O 15. O-O Rfd8 16. Re1 Nc6 17. Nd4 Qa6 18. Nf5 Nxb4 19. cxb4 Ne6 20. Qg4
g6 21. Nh6+ Kg7 22. Qf3 Rd7 23. Bb2+ Kf8 24. Qf6 Rc8 25. b5 Qxb5 26. Rxe6 Qxb2
27. Qxb2 fxe6 28. Qh8+ 1-0

[Event "ch-ISR 2014"]
[Site "Beer-Sheva ISR"]
[Date "2014.06.19"]
[Round "3.5"]
[White "Kantsler, Boris"]
[Black "Ben Artzi, Ido"]
[Result "1-0"]
[WhiteTitle "GM"]
[BlackTitle "FM"]
[WhiteElo "2420"]
[BlackElo "2359"]
[WhiteFideId "2805359"]
[BlackFideId "2810913"]
[EventDate "2014.06.17"]

1. d4 Nf6 2. Bg5 d5 3. e3 e6 4. Nd2 h6 5. Bh4 Be7 6. Bd3 O-O 7. f4 c5 8. c3 b6
9. Ngf3 Bb7 10. Ne5 Ne4 11. Bxe7 Qxe7 12. O-O Nxd2 13. Qxd2 Nd7 14. Rf3 Nxe5 15.
fxe5 f5 16. exf6 Rxf6 17. Rxf6 gxf6 18. Rf1 f5 19. Rf3 Kh7 20. Qf2 Rg8 21. Rg3
cxd4 22. exd4 Rxg3 23. Qxg3 Qg5 24. Qc7+ Kg6 25. Be2 Qd2 26. Kf1 f4 27. Qe5 Kf7
28. Bh5+ Ke7 29. Qc7+ Kf6 30. Qf7+ 1-0

[Event "ch-ISR 2014"]
[Site "Beer-Sheva ISR"]
[Date "2014.06.19"]
[Round "3.6"]
[White "Mordechai, Hanan"]
[Black "Kantarji, Pinchas"]
[Result "1/2-1/2"]
[WhiteTitle "FM"]
[BlackTitle "FM"]
[WhiteElo "2314"]
[BlackElo "2417"]
[WhiteFideId "2804166"]
[BlackFideId "2803712"]
[EventDate "2014.06.17"]

1. e4 c6 2. d4 d5 3. Nc3 dxe4 4. Nxe4 Nf6 5. Nxf6+ exf6 6. Nf3 Bd6 7. Be2 O-O 8.
O-O Re8 9. c4 Bg4 10. Be3 Nd7 11. h3 Bh5 12. c5 Be7 13. b4 Nf8 14. Qb3 Ne6 15.
Bc4 Nc7 16. Nh4 Nd5 17. Bxd5 cxd5 18. g4 Bg6 19. Bf4 f5 20. Nxf5 Bxf5 21. gxf5
Bf6 22. Bd6 Bxd4 23. Rad1 Qg5+ 24. Qg3 Qf6 1/2-1/2

[Event "ch-ISR 2014"]
[Site "Beer-Sheva ISR"]
[Date "2014.06.19"]
[Round "3.7"]
[White "Smirin, Ilia"]
[Black "Zanan, Evgeny"]
[Result "1-0"]
[WhiteTitle "GM"]
[BlackTitle "FM"]
[WhiteElo "2660"]
[BlackElo "2257"]
[WhiteFideId "2801990"]
[BlackFideId "24101940"]
[EventDate "2014.06.17"]

1. e4 e5 2. Nf3 Nc6 3. Bb5 Nf6 4. d3 Bc5 5. c3 O-O 6. O-O d6 7. Bg5 h6 8. Bh4 g5
9. Bg3 Nh5 10. Nbd2 Nxg3 11. hxg3 Bb6 12. Nc4 Ne7 13. d4 c6 14. Ba4 Be6 15. Ne3
exd4 16. Nxd4 Bxd4 17. Qxd4 f5 18. Rad1 fxe4 19. Qxe4 Qd7 20. Bc2 Rf7 21. Qd4
Rd8 22. Qxa7 Nf5 23. Ng4 Nxg3 24. Nxh6+ Kg7 25. Qe3 Kxh6 26. Qxg3 Bf5 27. Bxf5
Rxf5 28. Rfe1 d5 29. Re3 Rff8 30. Re5 Rf5 31. Rde1 Rxe5 32. Rxe5 Rg8 33. f4 Qf7
34. Qh3+ Qh5 35. Re6+ Rg6 36. fxg5+ 1-0

[Event "ch-ISR 2014"]
[Site "Beer-Sheva ISR"]
[Date "2014.06.19"]
[Round "3.8"]
[White "Horesh, Tal"]
[Black "Postny, Evgeny"]
[Result "0-1"]
[BlackTitle "GM"]
[WhiteElo "2139"]
[BlackElo "2641"]
[WhiteFideId "2809451"]
[BlackFideId "2804344"]
[EventDate "2014.06.17"]

1. d4 d5 2. c4 dxc4 3. e3 Nf6 4. Bxc4 e6 5. Nf3 a6 6. O-O b5 7. Bd3 Bb7 8. a4 b4
9. Qe2 c5 10. Rd1 Nbd7 11. b3 cxd4 12. exd4 Nd5 13. Ne5 Bd6 14. Qg4 g6 15. Bb2
h5 16. Qg3 h4 17. Qg4 N7f6 18. Qf3 Qe7 19. Re1 Nh7 20. Qg4 Nhf6 21. Qf3 Nh7 22.
Qg4 Qg5 23. Bc1 Qxg4 24. Nxg4 Rc8 25. Bc4 O-O 26. Bh6 Rfd8 27. Nd2 Bf8 28. Bxf8
Kxf8 29. Nf3 Nb6 30. Bxe6 fxe6 31. Rxe6 Rc6 32. Rxc6 Bxc6 33. Nxh4 Be4 34. f3
Bc2 35. Ne5 g5 36. Rc1 Rc8 37. Nhg6+ Bxg6 38. Nxg6+ Kg7 39. Rxc8 Nxc8 40. Ne5
Nf6 41. Nc6 Nd5 42. Nb8 Nce7 43. Nxa6 Nc6 44. Nc5 Kf6 45. g3 Nxd4 46. Kf2 Ke5
47. h4 gxh4 48. gxh4 Kd6 49. Nd3 Nxb3 50. Kg3 Nd4 51. Kg4 b3 52. f4 Ne6 53. f5
Ne3+ 54. Kf3 Nxf5 55. Ke2 Nc5 56. Nb2 Kd5 57. Kd2 Kd4 58. h5 Nb7 59. Nd1 Na5 60.
Kc1 Kc5 61. Nb2 Kb4 62. Kb1 Ka3 63. Nd3 Nc4 64. a5 Nxa5 65. Nc5 Nh6 66. Nxb3
Kxb3 67. Kc1 Kc3 68. Kd1 Kd3 69. Ke1 Nb3 70. Kf2 Nd4 71. Kg3 Ke3 72. Kg2 Ke2 73.
Kg3 Ne6 74. Kg2 Nd4 75. Kg3 Ke3 76. Kg2 Nc2 77. Kg3 Ne1 78. Kh3 Kf2 79. Kh4 Nf3+
80. Kh3 Ng5+ 81. Kh4 Ne4 82. Kh3 Kf3 83. Kh4 Nf5+ 84. Kh3 Ng5+ 85. Kh2 Kf2 86.
h6 Nh4 87. h7 Nhf3+ 0-1

[Event "ch-ISR 2014"]
[Site "Beer-Sheva ISR"]
[Date "2014.06.19"]
[Round "3.9"]
[White "Roiz, Michael"]
[Black "Gamayev, Oleg"]
[Result "1/2-1/2"]
[WhiteTitle "GM"]
[WhiteElo "2589"]
[BlackElo "2166"]
[WhiteFideId "2804158"]
[BlackFideId "2802813"]
[EventDate "2014.06.17"]

1. d4 d6 2. Nf3 Nf6 3. c4 Nbd7 4. Nc3 e5 5. g3 exd4 6. Nxd4 Nb6 7. Bg2 Be7 8.
O-O O-O 9. b3 c6 10. e4 Re8 11. Re1 Bf8 12. h3 a5 13. Be3 a4 14. Qc2 axb3 15.
axb3 Rxa1 16. Rxa1 Qc7 17. Rd1 Nbd7 18. f4 Nc5 19. Bf2 Qe7 20. Nf5 Bxf5 21. exf5
Qc7 22. b4 Ncd7 23. Bd4 d5 24. cxd5 cxd5 25. Qb3 Nb6 26. Kh2 Qc4 27. Qxc4 Nxc4
28. Nxd5 Nxd5 29. Bxd5 Ne3 30. Bxe3 Rxe3 31. Bxb7 Bxb4 32. Rd8+ Bf8 33. Bd5 Re2+
34. Kg1 Re7 35. g4 Ra7 36. g5 Ra6 37. Rd7 Ra7 38. Rd8 Ra6 39. Rd7 Ra7 40. Bxf7+
Kh8 41. Rxa7 Bc5+ 42. Kg2 Bxa7 43. Kf3 Bb8 44. Ke4 Bc7 45. Bc4 Bd8 46. h4 h6 47.
Kf3 hxg5 48. fxg5 Ba5 49. Kg4 Be1 50. h5 Bd2 51. f6 1/2-1/2

[Event "ch-ISR 2014"]
[Site "Beer-Sheva ISR"]
[Date "2014.06.19"]
[Round "3.10"]
[White "Baron, Tal"]
[Black "Gurbanov, Andrei"]
[Result "1-0"]
[WhiteTitle "GM"]
[WhiteElo "2515"]
[BlackElo "2329"]
[WhiteFideId "2809958"]
[BlackFideId "13503391"]
[EventDate "2014.06.17"]

1. e4 e5 2. Nf3 Nc6 3. Bb5 f5 4. d3 fxe4 5. dxe4 Nf6 6. O-O Bc5 7. Bxc6 bxc6 8.
Nxe5 O-O 9. Nc3 Qe8 10. Nd3 Bd4 11. e5 Nd5 12. Nxd5 cxd5 13. Ne1 Bxe5 14. Qxd5+
Qe6 15. Qxa8 Ba6 16. Qxa7 Bxf1 17. Qe3 Ba6 18. Nf3 Rf5 19. h3 Bb7 20. Ne1 h5 21.
Bd2 Be4 22. Bc3 Bf4 23. Qe2 Rg5 24. f3 Qb6+ 25. Kh1 Bf5 26. Qc4+ 1-0

[Event "ch-ISR 2014"]
[Site "Beer-Sheva ISR"]
[Date "2014.06.19"]
[Round "3.11"]
[White "Steinberg, Nitzan"]
[Black "Arlinsky, Uriel"]
[Result "1-0"]
[WhiteTitle "IM"]
[BlackTitle "FM"]
[WhiteElo "2416"]
[BlackElo "2314"]
[WhiteFideId "2801795"]
[BlackFideId "2809575"]
[EventDate "2014.06.17"]

1. e4 e5 2. Nf3 Nc6 3. Bb5 a6 4. Ba4 Nf6 5. O-O Be7 6. Re1 b5 7. Bb3 d6 8. c3
O-O 9. h3 Na5 10. Bc2 Bb7 11. d4 Nc4 12. b3 Nb6 13. Nbd2 Nfd7 14. g4 exd4 15.
cxd4 c5 16. d5 Bf6 17. Rb1 Nc8 18. Nf1 Bc3 19. Ng3 Bxe1 20. Nxe1 Ne7 21. f4 Nb6
22. Nf3 Ng6 23. Bb2 f6 24. Qd2 Rc8 25. Rf1 b4 26. Nh5 Rc7 27. Rf2 Rcf7 28. Rg2
Qd7 29. Rg3 a5 30. g5 f5 31. exf5 Rxf5 32. Bxg7 Nxd5 33. Bxf8 Kxf8 34. Nf6 Qe6
35. Bxf5 Qxf5 36. Qe1 Nxf6 37. gxf6 Qe4 38. Qxe4 Bxe4 39. Nd2 Bc2 40. Nc4 Kf7
41. Nxd6+ Kxf6 42. Rg5 Nxf4 43. Rxc5 Bb1 44. Rxa5 Ne2+ 45. Kf2 Nc1 46. a3 Nxb3
47. Rb5 bxa3 48. Rxb3 a2 49. Ra3 Ke5 50. Nb5 1-0

[Event "ch-ISR 2014"]
[Site "Beer-Sheva ISR"]
[Date "2014.06.19"]
[Round "3.12"]
[White "Kraus, Yair"]
[Black "Nakar, Eylon"]
[Result "0-1"]
[BlackTitle "IM"]
[WhiteElo "2093"]
[BlackElo "2442"]
[WhiteFideId "2804786"]
[BlackFideId "2811111"]
[EventDate "2014.06.17"]

1. d4 Nf6 2. c4 g6 3. Nc3 Bg7 4. e4 O-O 5. f4 d6 6. Nf3 c5 7. d5 e6 8. dxe6 fxe6
9. Bd3 Nc6 10. O-O Nd4 11. Qe1 Nh5 12. Ng5 h6 13. Nh3 e5 14. f5 gxf5 15. exf5
Bxf5 16. Bxf5 Rxf5 17. Rxf5 Nxf5 18. Qe4 Qd7 19. Bd2 Nf6 20. Qd3 Re8 21. Nf2 b5
22. Rf1 bxc4 23. Qxc4+ d5 24. Qxc5 e4 25. g4 Nh4 26. Be3 d4 27. Rd1 Nxg4 0-1

[Event "ch-ISR 2014"]
[Site "Beer-Sheva ISR"]
[Date "2014.06.19"]
[Round "3.13"]
[White "Bakalchuk, Johnatan"]
[Black "Eliagov, Kafar"]
[Result "1-0"]
[BlackTitle "FM"]
[WhiteElo "2244"]
[BlackElo "2268"]
[WhiteFideId "2810301"]
[BlackFideId "2804883"]
[EventDate "2014.06.17"]

1. e4 c5 2. Nf3 d6 3. d4 cxd4 4. Nxd4 Nf6 5. Nc3 g6 6. Bc4 Bg7 7. Be3 O-O 8. f3
Nc6 9. Qe2 Bd7 10. O-O-O Qa5 11. Bb3 Rac8 12. h3 Nb4 13. Kb1 Rfd8 14. g4 Na6 15.
f4 e5 16. fxe5 dxe5 17. Ndb5 Nxe4 18. Nxe4 Bxb5 19. Qf3 Bc4 20. Rxd8+ Qxd8 21.
Bxc4 Rxc4 22. Rd1 Qf8 23. b3 Rc6 24. Rd7 f5 25. Ng5 e4 26. Qd1 Nc7 27. Rd8 h6
28. Rxf8+ Bxf8 29. gxf5 hxg5 30. fxg6 Rxg6 31. Qd7 Rc6 32. Bxg5 a6 33. c4 Ne6
34. Qxb7 Rd6 35. Qxe4 Bg7 36. Be7 Nc5 37. Qa8+ 1-0

[Event "ch-ISR 2014"]
[Site "Beer-Sheva ISR"]
[Date "2014.06.19"]
[Round "3.14"]
[White "Reshef, Omer"]
[Black "Volman, Horacio"]
[Result "1-0"]
[WhiteElo "2266"]
[BlackElo "2203"]
[WhiteFideId "2804336"]
[BlackFideId "2800853"]
[EventDate "2014.06.17"]

1. e4 d6 2. d4 Nf6 3. Nc3 g6 4. h3 c6 5. Nf3 Bg7 6. Be3 O-O 7. Qd2 b5 8. Bd3 Bb7
9. O-O Nbd7 10. Rfe1 e5 11. dxe5 dxe5 12. Bh6 Qe7 13. a4 b4 14. Ne2 a5 15. Ng3
Ne8 16. Rad1 Nc5 17. Bxg7 Kxg7 18. b3 Rd8 19. Qe3 Nc7 20. Bc4 Ba6 21. Nh4 Bc8
22. Nf3 f6 23. Ne2 N7e6 24. Nc1 Rxd1 25. Rxd1 Rd8 26. Rxd8 Qxd8 27. Bxe6 Nxe6
28. Nd3 Qd6 29. Qa7+ Qc7 30. Qxc7+ Nxc7 31. Nd2 Ba6 32. Nc5 Be2 33. Nf1 Kf7 34.
Nb7 Ke7 35. Nxa5 Kd7 36. Ne3 Ne6 37. f3 Ba6 38. Kf2 Nd4 39. Ke1 h5 40. Kd2 f5
41. exf5 gxf5 42. c3 bxc3+ 43. Kxc3 f4 44. Nec4 Ke6 45. Nd2 Kd5 46. Nac4 Nf5 47.
Ne4 Bxc4 48. bxc4+ Ke6 49. a5 Kd7 50. Nf6+ Kc7 51. Nxh5 Nh4 52. Nf6 Nxg2 53. Ng4
e4 54. fxe4 Kb7 55. e5 Nh4 56. e6 Nf5 57. Kb4 1-0

[Event "ch-ISR 2014"]
[Site "Beer-Sheva ISR"]
[Date "2014.06.19"]
[Round "3.15"]
[White "Lederer, Yoav"]
[Black "Poleg, Matan"]
[Result "1/2-1/2"]
[WhiteElo "2298"]
[BlackElo "2125"]
[WhiteFideId "2800292"]
[BlackFideId "2811472"]
[EventDate "2014.06.17"]

1. c4 Nf6 2. g3 e6 3. Bg2 d5 4. Nf3 Be7 5. O-O O-O 6. b3 b6 7. Bb2 Bb7 8. e3
dxc4 9. bxc4 c5 10. d3 Nc6 11. Qe2 Qc7 12. Nc3 a6 13. Rfd1 Rfd8 14. Rab1 Rab8
15. Ba1 Ba8 16. Ng5 Rd7 17. Nce4 Nxe4 18. Nxe4 f5 19. Nc3 Bf6 20. f4 Qd8 21. a3
b5 22. cxb5 axb5 23. Qa2 Kf7 24. Nxb5 Rxd3 25. Qc2 c4 26. Bxf6 gxf6 27. Bxc6
Rxb5 28. Bxa8 Rxb1 29. Rxb1 Qxa8 30. Qxc4 Qxa3 31. Qc8 Rd1+ 32. Rxd1 Qxe3+ 33.
Kf1 Qf3+ 34. Ke1 Qe3+ 35. Kf1 Qf3+ 36. Ke1 Qe3+ 37. Kf1 Qf3+ 1/2-1/2

[Event "ch-ISR 2014"]
[Site "Beer-Sheva ISR"]
[Date "2014.06.19"]
[Round "3.16"]
[White "Frenkel, Ran"]
[Black "Axelrod, Arie"]
[Result "1-0"]
[BlackTitle "FM"]
[WhiteElo "2174"]
[BlackElo "2305"]
[WhiteFideId "2815974"]
[BlackFideId "2804867"]
[EventDate "2014.06.17"]

1. d4 Nf6 2. c4 e6 3. Nf3 Bb4+ 4. Nbd2 d5 5. Qa4+ Nc6 6. a3 Bd6 7. c5 Be7 8. b4
Ne4 9. e3 O-O 10. Bd3 f5 11. b5 Nb8 12. Qc2 a6 13. bxa6 b6 14. cxb6 cxb6 15. O-O
Bxa6 16. Bb2 Bd6 17. Rfc1 Qe7 18. Bxa6 Rxa6 19. a4 Nd7 20. Ne5 Nxe5 21. dxe5 Bc5
22. Nxe4 fxe4 23. a5 Qf7 24. axb6 Rxb6 25. Rab1 h5 26. h3 Be7 27. Bd4 Rxb1 28.
Rxb1 Bh4 29. g3 Qg6 30. Kh2 Rf3 31. gxh4 Qf5 32. Kg1 Rxh3 33. Kf1 Rh2 34. Rb8+
Kh7 35. Ke1 Rxh4 36. Qe2 Rh1+ 37. Kd2 Rh2 38. Kc3 Qxf2 39. Qxf2 Rxf2 40. Re8 h4
41. Rxe6 h3 42. Ra6 Rf1 43. Ra2 Rc1+ 44. Kb4 g5 45. e6 Kg6 46. Rf2 Rc7 47. Rf6+
Kh5 48. Rf7 Rc6 49. e7 Re6 50. Kc5 Kg4 51. Kxd5 Rxe7 52. Rxe7 Kf3 53. Rf7+ 1-0